Solving time constrainde routing problems by exact and alternative approach

Matematické modely vybraných okružných problémov s časovými oknami.

Gespeichert in:
Bibliographische Detailangaben
1. Verfasser: Čičková, Zuzana, 1978-
Format: Buchkapitel
Sprache:Slowakisch
Schlagworte:
Tags: Tag hinzufügen
Keine Tags, Fügen Sie das erste Tag hinzu!

MARC

LEADER 00000naa a2200000 4500
001 0211842
005 20240502073532.5
041 0 |a slo 
044 |a SK 
245 1 0 |a Solving time constrainde routing problems by exact and alternative approach  |c Zuzana Čičková 
520 |a Matematické modely vybraných okružných problémov s časovými oknami. 
610 2 0 |a distribúcia 
610 2 0 |a cestujúci 
610 2 0 |a doprava 
610 2 0 |a modely matematické 
100 1 |a Čičková, Zuzana, 1978-